| 000 | 01564cam a22004814i 4500 | ||
|---|---|---|---|
| 003 | PE-LiUPU | ||
| 005 | 20250731173557.0 | ||
| 008 | 150617s1967 nyu r 000 0 eng d | ||
| 035 | _a(Sirsi) a10630; | ||
| 040 |
_aPE-LiUPU _bspa _cPE-LiUPU _erda |
||
| 049 | _aPRUA | ||
| 082 | 0 | 4 |
_a220.4 _bH761 _223 |
| 130 |
_aBiblia. _lInglés. _sAutorizada. _f1967. |
||
| 212 | _aBiblia: King James | ||
| 245 | 1 | 4 |
_aThe Holy Bible : _bcontaining the Old and New Testaments. NKJV King James version / _cCopyright por Thomas Nelson, Inc. |
| 264 | 1 |
_aNashville, Tennessee : _bThomas Nelson Bibles. A division of Thomas Nelson Inc., _c[1882]. |
|
| 300 |
_a654 páginas ; _c21 centímetros. |
||
| 336 |
_atext _2rdacontent |
||
| 337 |
_aunmediated _2rdamedia |
||
| 338 |
_avolume _2rdacarrier |
||
| 500 | _aEn cubierta: "Word of Jesus in red" | ||
| 501 | _aDiccionario y concordancia | ||
| 505 | 0 | _aThe books of old testament -- The book of new testament. | |
| 526 | _aSEG42 | ||
| 526 | _aSEG41 | ||
| 526 | _aSEG40 | ||
| 526 | _aSEG39 | ||
| 526 | _aP94 | ||
| 526 | _aP87 | ||
| 526 | _aP86 | ||
| 526 | _aP85 | ||
| 526 | _aP77 | ||
| 526 | _aP76 | ||
| 526 | _aP35 | ||
| 630 |
_aBiblia. _lInglés. _sKing James. _f1967. |
||
| 710 | 2 | _aAmerican Bible Society. | |
| 910 | _ajck | ||
| 942 |
_2ddc _cBK _n0 |
||
| 999 |
_c61751 _d61751 |
||
| 980 |
_618226 _aJaime Vilcazán Jefe de Análisis Documental _81 _gALBERTO SANCHEZ Responsable de Automatización |
||